00345 2200145 4500001002100000005001500021035002000036245004900056100001800105300001100123260003100134082000800165084001400173990001200187INLIS00000000000230820250528085058 a0010-05250006001 aGalileo & Sistem Tata Surya /cPaul Stratern0 aPaul Stratern a86 hlm aJakarta :bErlangga,c2002 a520 a520 PAU g a0713091